[Event "Chojnice op-B 2nd"]
[Site "Chojnice"]
[Date "2006.??.??"]
[Round "7"]
[White "Fligier, Zbigniew"]
[Black "Gora, Jan"]
[Result "1-0"]
[WhiteElo "1800"]
[BlackElo "1800"]
[PlyCount "71"]
[EventDate "2006.07.??"]
[EventType "swiss"]
[EventRounds "9"]
[EventCountry "POL"]
[SourceTitle "EXT 2007"]
[Source "ChessBase"]
[SourceDate "2006.11.23"]
[SourceVersion "1"]
[SourceVersionDate "2006.11.23"]
[SourceQuality "1"]

1. f4 d5 2. Nf3 Nc6 3. e3 e6 4. Bb5 Bd7 5. a4 a6 6. Be2 Nf6 7. 0-0 Bc5 8. d4 Bd6 9. Ne5 0-0 10. a5 Kh8 11. c3 Ng8 12. Nd2 Nge7 13. e4 f6 14. Nxd7 Qxd7 15. e5 fxe5 16. fxe5 Nxe5 17. dxe5 Bxe5 18. Nf3 Qd6 19. Nxe5 Qxe5 20. Bf3 Qd6 21. Bg5 Nc6 22. Qe2 Nxa5 23. Rfe1 Rae8 24. Qe5 Qxe5 25. Rxe5 Nc4 26. Re2 h6 27. Bh4 g5 28. Bg3 c6 29. b3 Nb6 30. Rae1 Kg8 31. Rxe6 Rxe6 32. Rxe6 Kg7 33. Bh5 Nc8 34. Be5+ Kh7 35. Be8 Rf5 36. Bg6+ 1-0

[Event "Chojnice op-B 2nd"]
[Site "Chojnice"]
[Date "2006.??.??"]
[Round "3"]
[White "Jastrzebski, Wlodzimierz"]
[Black "Fligier, Zbigniew"]
[Result "1-0"]
[WhiteElo "1785"]
[BlackElo "1800"]
[PlyCount "89"]
[EventDate "2006.07.??"]
[EventType "swiss"]
[EventRounds "9"]
[EventCountry "POL"]
[SourceTitle "EXT 2007"]
[Source "ChessBase"]
[SourceDate "2006.11.23"]
[SourceVersion "1"]
[SourceVersionDate "2006.11.23"]
[SourceQuality "1"]

1. e4 d5 2. exd5 Nf6 3. Nc3 Nxd5 4. Nxd5 Qxd5 5. Nf3 g6 6. Be2 Bg7 7. 0-0 Nc6 8. c3 0-0 9. d4 e5 10. c4 Qd6 11. d5 Ne7 12. Qb3 e4 13. Nd2 f5 14. Qc2 Bd7 15. Rb1 c6 16. c5 Qf6 17. d6 Nd5 18. Bc4 Be6 19. Bxd5 Bxd5 20. b4 Qe6 21. Nb3 e3 22. f3 f4 23. Re1 g5 24. Bb2 Rf7 25. Bxg7 Rxg7 26. Nd4 Qe5 27. Nf5 g4 28. Nxg7 gxf3 29. gxf3 Bxf3 30. Nf5 Kh8 31. Qb2 Rg8+ 32. Ng3 Qxb2 33. Rxb2 Bd5 34. Kf1 Bc4+ 35. Kg2 Bd5+ 36. Kh3 Be6+ 37. Kh4 Rg4+ 38. Kh5 fxg3 39. hxg3 Rxg3 40. Rf1 Kg7 41. Rbb1 Rh3+ 42. Kg5 e2 43. Rf2 Rc3 44. Kf4 Rh3 45. Rxe2 1-0

[Event "Chojnice op-B 2nd"]
[Site "Chojnice"]
[Date "2006.??.??"]
[Round "6"]
[White "Stankiewicz, Pawel"]
[Black "Fligier, Zbigniew"]
[Result "1-0"]
[WhiteElo "1709"]
[BlackElo "1800"]
[PlyCount "85"]
[EventDate "2006.07.??"]
[EventType "swiss"]
[EventRounds "9"]
[EventCountry "POL"]
[SourceTitle "EXT 2007"]
[Source "ChessBase"]
[SourceDate "2006.11.23"]
[SourceVersion "1"]
[SourceVersionDate "2006.11.23"]
[SourceQuality "1"]

1. Nf3 d5 2. c4 d4 3. b4 Bg4 4. Ne5 Bh5 5. g4 Bg6 6. Bg2 c6 7. Nxg6 hxg6 8. d3 e5 9. a3 Be7 10. Nd2 Nh6 11. h3 Qc7 12. Bb2 Nd7 13. Rc1 Rd8 14. Nf3 f6 15. Qd2 c5 16. b5 Nf8 17. Qc2 Ne6 18. e3 Nf7 19. a4 Qd7 20. Rd1 Nd6 21. a5 Kf7 22. Ke2 Nc8 23. Ra1 Bd6 24. a6 b6 25. Nd2 f5 26. Rad1 Bb8 27. Nb3 Rhe8 28. Bc6 Qe7 29. Bxe8+ Rxe8 30. Kd2 Qg5 31. Rdg1 f4 32. e4 f3+ 33. Ke1 Nf4 34. Bc1 Ng2+ 35. Kf1 Qh4 36. Qd1 Qf6 37. Nd2 Ne3+ 38. fxe3 f2 39. Rg2 dxe3 40. Nf3 Nd6 41. Bxe3 Nxc4 42. dxc4 Rd8 43. Qe2 1-0